Os da minha rua (Registo nº 55873)

Detalhes MARC
000 -Etiqueta do registo
campo de controlo de comprimento fixo 006590000a22002290004500
001 - Identificador do registo
Campo de controlo 55873
010 ## - ISBN
Número (ISBN) 978-972-21-1863-7
100 ## - Dados Gerais de Proc.
Dados gerais de processamento 20091008d2007 a y0pory5003 ba
101 0# - Língua da publicação
Língua do texto, banda sonora, etc. Português
102 ## - País de Publicação
País de publicação Portugal
200 1# - Título
Título próprio Os da minha rua
Primeira menção de responsabilidade Ondjaki
205 ## - Menção da edição
Menção da edição 2ª ed
210 ## - Publicação, Distribuição
Lugar da edição, distribuição, etc. Lisboa
Nome do editor, distribuidor, etc. Caminho
Data da publicação, distribuição, etc. 2007
215 ## - Descrição física
Descrição física 124, [4] p
225 2# - Colecção
Título próprio da colecção Outras margens
Indicação de volume 63
675 ## - CDU
Notação 087.5
Edição BN
Língua da edição Português
675 ## - CDU
Notação 821.134.3(673)-34
Edição BN
Língua da edição Português
700 #0 - Responsabilidade principal
Palavra de ordem Ondjaki
Elementos de identificação ou distinção pseud.
090 ## - Números de controlo do sistema (Koha)
Número biblioitem do Koha (gerado automaticamente) 55873
942 ## - Elementos de entrada adicionados (Koha)
Tipo de item no Koha Monografias
Suprimido Disponível no OPAC
999 ## - Campo local
Campo local 55873
-- Bibliobase - BEBDMI
-- 2019-01-21
Exemplares
Perdido (estado) Data de aquisição Origem do registo (biblioteca) (codificado) Código da organização que empresta ou é detentora (biblioteca) Código de barras Cota Tipo de circulação (não pode ser emprestado) Tipo de item e material Data de empréstimo ou depósito
Disponível 2009-10-08 Biblioteca EB23 D. Manuel I Biblioteca EB23 D. Manuel I BEBDMI5374 82-93 OND Normal Monografias  
Disponível 2009-10-08 Biblioteca EB23 D. Manuel I Biblioteca EB23 D. Manuel I BEBDMI5244 82-93 OND Normal Monografias 2022-10-04